000 00310nam a2200121 4500
999 _c10678
_d10678
003 OSt
005 20220512172544.0
008 220512b ||||| |||| 00| 0 eng d
082 _a 621.32
245 _aDirectory of the lighting industry in india
260 _bindian society of lighting engineers
942 _2ddc